Normal view MARC view
  • Derechos humanos

Entry Materia

Number of records used in: 325

001 - NÚMERO DE CONTROL DEL REGISTRO

  • campo de control: 5797

003 - IDENTIFICADOR DE NUMERO DE CONTROL

  • campo de control: MX-MxUPN

005 - FECHA Y HORA DE LA ÚLTIMA TRANSACCIÓN

  • campo de control: 20241108084240.0

008 - DATOS DE LONGITUD FIJA

  • campo de control de longitud fija: 220809n||acnnnbabn | ana |d

035 ## - NÚMERO DE CONTROL DEL SISTEMA

  • Número de control del sistema: UPN10000005797

040 ## - FUENTE DE LA CATALOGACIÓN

  • Centro catalogador de origen: MX-MxUPN
  • Lengua de catalogación: spa
  • Agencia de transcripción: MX-MxUPN

046 ## - FECHAS CON CODIFICACIÓN ESPECIAL

  • Fecha final para contenidos agregados: 2022

053 #4 - NÚMERO CLASIFICADOR - BIBLIOTECA DEL CONGRESO (LC)

  • Elemento numérico de la clasificación - Número único o no. inicial del rango: JC571
  • Elemento numérico de la clasificación - Número único o no. final del rango: JC628
  • Frase explicativa: Ciencias políticas

053 #4 - NÚMERO CLASIFICADOR - BIBLIOTECA DEL CONGRESO (LC)

  • Elemento numérico de la clasificación - Número único o no. inicial del rango: K3236
  • Elemento numérico de la clasificación - Número único o no. final del rango: K3268
  • Frase explicativa: Derecho

150 ## - ENCABEZAMIENTO - TEMÁTICO

  • Término de materia o nombre geográfico como elemento inicial: Derechos humanos

670 ## - FUENTE EN LA QUE SE LOCALIZARON DATOS

  • Cita de la fuente: LC, 03 mayo 2024 :
  • Información localizada: (Human rights)
  • Identificador Uniforme del Recurso: https://lccn.loc.gov/sh85026379

902 ## - CATALOGADOR

  • Catalogador: CAA/140699